Médaillés d'or du Football aux Jeux Olympiques (1908-2024) - Statistiques

Statistiques générales
  • Ce quiz a été pris 125 fois
  • Le résultat moyen est 20 sur 26
Statistiques - réponses
Année Pays Vainqueur % Correct
1984 France
100%
2021 Brésil
98%
2016 Brésil
98%
2024 Espagne
98%
1992 Espagne
98%
2008 Argentine
96%
2004 Argentine
96%
1936 Italie
86%
1912 Grande-Bretagne
85%
1908 Grande-Bretagne
85%
1988 URSS
82%
1956 URSS
82%
2012 Mexique
78%
1928 Uruguay
78%
1924 Uruguay
78%
1920 Belgique
73%
1972 Pologne
68%
1948 Suède
67%
1960 Yougoslavie
67%
1968 Hongrie
63%
1964 Hongrie
63%
1952 Hongrie
63%
1980 Tchécoslovaquie
58%
1996 Nigeria
51%
1976 RDA
46%
2000 Cameroun
44%
Aucun quiz correspondant
Distribution des résultats
% des personnes avec chaque résultat
Percentile par nombre de réponses
Votre historique - résultats
Vous n’avez pas pris ce quiz